000 00471nam a2200181Ia 4500
003 GCL
008 140319s9999 xx 000 0 eng d
040 _aGCL /
_cGCL
082 0 4 _a333.7
_bR E
100 1 _aROVEN, PETER H.
245 1 0 _aENIVRONMENT /
_cROVEN, PETER H.
700 1 _aBERG, LINDA R.
700 1 _aJOHANSON, GEORGE B.
260 _a[S.N] :
_bSAUNDERS COLLEGE PUBLSHING ،
_c1992
650 0 4 _aENVIRONMENT
650 0 4 _aHUMAN ECOLOGY
942 _2ddc
_cBK
999 _c16822
_d16822